| 000 | 00754nam a22002057a 4500 | ||
|---|---|---|---|
| 999 |
_c17049 _d17049 |
||
| 003 | AR-CdUCM | ||
| 008 | 190507b ||||| |||| 00| 0 spa d | ||
| 040 |
_aMUNICIPALIDAD PROVINCIAL DEL CUSCO _cBIBLIOTECA MUNICIPAL DEL CUSCO |
||
| 082 |
_23ed. _a869.569 / _bV42 |
||
| 100 |
_aVallejo, Cesar _913046 |
||
| 245 |
_aRusia en 1931 : _bReflexiones al pie del kremlin / |
||
| 260 |
_aLima : _bLabor, _c1965. |
||
| 300 |
_a258 pƔginas ; _c17 cm. |
||
| 505 | _aContenido : La urbe socialista y la ciudad del porvenir -- La ciudad mas cara y la mas barata del mundo -- La industria de estado y la explotación privada ... | ||
| 650 |
_aLa ciudad _92468 |
||
| 650 |
_aUrbe _936867 |
||
| 650 |
_aRusia _9499 |
||
| 942 |
_2ddc _cLIBROS |
||
| 945 |
_arah _d07/05/2019 |
||